Code civil des francais: édition originale et seule officielle
Gespeichert in:
| Format: | Buch |
|---|---|
| Sprache: | Französisch |
| Veröffentlicht: |
París
Imprimerie de la République
1804
|
| Schlagworte: | |
| Tags: |
Tag hinzufügen
Keine Tags, Fügen Sie den ersten Tag hinzu!
|
MARC
| LEADER | 00000nam a2200000 a 4500 | ||
|---|---|---|---|
| 001 | UCK1588 | ||
| 003 | CL-VaPUC | ||
| 008 | 041119e18040000FR |||||||||||||||||fre|d | ||
| 082 | 0 | 4 | |a 346.44 |b COD |2 21 |
| 245 | 1 | 0 | |a Code civil des francais: édition originale et seule officielle |
| 300 | |a 436 p | ||
| 942 | |c BK | ||
| 945 | |d 20041119 00:00:00 |a cmena | ||
| 260 | |a París |b Imprimerie de la République |c 1804 | ||
| 650 | 0 | |a Código civil francés |9 405960 | |
| 650 | 0 | |a Derecho civil francés |9 395571 | |
| 651 | 0 | |a Francia |9 255157 | |
| 583 | |a last modification |c 20041119 00:00:00 |k Rodrigo Vera | ||
| 999 | |c 311495 |d 311493 | ||
| 952 | |0 0 |1 0 |4 0 |6 346_440000000000000_COD_1804 |7 0 |8 A |9 380925 |a BIBDER |b BIBDER |d 2019-11-21 |i 4009630 |l 1 |o 346.44 COD 1804 |p 4009630 |r 2023-01-25 |s 2022-09-06 |w 2019-11-21 |y BK |k DER | ||